<?xml version="1.0" encoding="UTF-8"?><?xml-stylesheet type="text/xsl" href="static/style.xsl"?><OAI-PMH xmlns="http://www.openarchives.org/OAI/2.0/" xmlns:xsi="http://www.w3.org/2001/XMLSchema-instance" xsi:schemaLocation="http://www.openarchives.org/OAI/2.0/ http://www.openarchives.org/OAI/2.0/OAI-PMH.xsd"><responseDate>2026-04-27T21:42:35Z</responseDate><request verb="GetRecord" identifier="oai:uvadoc.uva.es:10324/44980" metadataPrefix="marc">https://uvadoc.uva.es/oai/request</request><GetRecord><record><header><identifier>oai:uvadoc.uva.es:10324/44980</identifier><datestamp>2021-06-24T07:16:02Z</datestamp><setSpec>com_10324_44585</setSpec><setSpec>com_10324_954</setSpec><setSpec>com_10324_894</setSpec><setSpec>col_10324_44586</setSpec></header><metadata><record xmlns="http://www.loc.gov/MARC21/slim" xmlns:doc="http://www.lyncode.com/xoai" xmlns:xsi="http://www.w3.org/2001/XMLSchema-instance" xmlns:dcterms="http://purl.org/dc/terms/" xsi:schemaLocation="http://www.loc.gov/MARC21/slim http://www.loc.gov/standards/marcxml/schema/MARC21slim.xsd">
<leader>00925njm 22002777a 4500</leader>
<datafield tag="042" ind1=" " ind2=" ">
<subfield code="a">dc</subfield>
</datafield>
<datafield tag="720" ind1=" " ind2=" ">
<subfield code="a">Noriega González, David César</subfield>
<subfield code="e">author</subfield>
</datafield>
<datafield tag="720" ind1=" " ind2=" ">
<subfield code="a">Marcia, Stefano</subfield>
<subfield code="e">author</subfield>
</datafield>
<datafield tag="720" ind1=" " ind2=" ">
<subfield code="a">Theumann, Nicolas</subfield>
<subfield code="e">author</subfield>
</datafield>
<datafield tag="720" ind1=" " ind2=" ">
<subfield code="a">Blondel, Benjamin</subfield>
<subfield code="e">author</subfield>
</datafield>
<datafield tag="720" ind1=" " ind2=" ">
<subfield code="a">Simon, Alexandre</subfield>
<subfield code="e">author</subfield>
</datafield>
<datafield tag="720" ind1=" " ind2=" ">
<subfield code="a">Hassel, Frank</subfield>
<subfield code="e">author</subfield>
</datafield>
<datafield tag="720" ind1=" " ind2=" ">
<subfield code="a">Maestretti, Gianluca</subfield>
<subfield code="e">author</subfield>
</datafield>
<datafield tag="720" ind1=" " ind2=" ">
<subfield code="a">Petit, Antoine</subfield>
<subfield code="e">author</subfield>
</datafield>
<datafield tag="720" ind1=" " ind2=" ">
<subfield code="a">Weidle, Patrick A.</subfield>
<subfield code="e">author</subfield>
</datafield>
<datafield tag="720" ind1=" " ind2=" ">
<subfield code="a">González Mandly, Andrés</subfield>
<subfield code="e">author</subfield>
</datafield>
<datafield tag="720" ind1=" " ind2=" ">
<subfield code="a">Kaya, Jean-Marc</subfield>
<subfield code="e">author</subfield>
</datafield>
<datafield tag="720" ind1=" " ind2=" ">
<subfield code="a">Touta, Adamou</subfield>
<subfield code="e">author</subfield>
</datafield>
<datafield tag="720" ind1=" " ind2=" ">
<subfield code="a">Fuentes, Stéphane</subfield>
<subfield code="e">author</subfield>
</datafield>
<datafield tag="720" ind1=" " ind2=" ">
<subfield code="a">Pflugmacher, Robert</subfield>
<subfield code="e">author</subfield>
</datafield>
<datafield tag="260" ind1=" " ind2=" ">
<subfield code="c">2019</subfield>
</datafield>
<datafield tag="520" ind1=" " ind2=" ">
<subfield code="a">Background context: Balloon kyphoplasty (BKP) is a commonly performed vertebral augmentation procedure for painful osteoporotic vertebral compression fractures (OVCFs). Objective: This study aimed to support a non-inferiority finding for the use of a titanium implantable vertebral augmentation device (TIVAD) compared to BKP. Study design: Prospective, parallel group, controlled comparative randomized study. Patient sample: Patients who presented with one or two painful OVCFs located between T7 and L4 aged &lt;3 months, failed conservative treatment, and had an Oswestry Disability Index (ODI) score ≥30/100 were eligible for the study.  Results: Among the 141 patients (78.7% female, mean age 73.3±9.5 years) who underwent surgery (TIVAD=68; BKP=73), 126 patients (89.4%) completed the 12-month follow-up period (TIVAD=61; BKP=65). The analysis of primary endpoint on the ITT population demonstrated non-inferiority of the TIVAD to BKP. The analysis of the additional composite endpoint demonstrated the superiority of TIVAD over BKP (p&lt;0.0001) at 6 months (88.1% vs. 60.9%) and at 12 months (79.7% vs. 59.3%). Midline VB height restoration was more improved for TIVAD than for BKP at 6 months (1.14±2.61 mm vs. 0.31±2.22 mm); p=0.0246) and 12 months after surgery (1.31±2.58 mm vs. 0.10±2.34 mm; p=0.0035). No statistically significant differences were shown between procedures for improvement in functional capacity and quality of life. Pain relief was significantly more marked in the TIVAD group compared to the BKP group at 1 month (p=0.029) and at 6 months (p=0.021) after surgery. No patient required surgical reintervention or retreatment at the treated level. No symptomatic cement leakage was reported. Adverse events were similar for both groups (41.2% in the TIVAD group and 45.2% in the BKP group). The incidence of adjacent fractures was significantly lower after the TIVAD procedure than after BKP (12.9% vs. 27.3%; p=0.043). Conclusions: Study results demonstrated non-inferiority of the TIVAD to the predicate BKP with an excellent risk/benefit profile for results up to 12 months.</subfield>
</datafield>
<datafield tag="024" ind2=" " ind1="8">
<subfield code="a">The Spine Journal, 2019, vol. 19, n. 11. p. 1782-1795</subfield>
</datafield>
<datafield tag="024" ind2=" " ind1="8">
<subfield code="a">1529-9430</subfield>
</datafield>
<datafield tag="024" ind2=" " ind1="8">
<subfield code="a">http://uvadoc.uva.es/handle/10324/44980</subfield>
</datafield>
<datafield tag="024" ind2=" " ind1="8">
<subfield code="a">10.1016/j.spinee.2019.07.009</subfield>
</datafield>
<datafield tag="245" ind1="0" ind2="0">
<subfield code="a">A prospective, international, randomized, noninferiority study comparing an implantable titanium vertebral augmentation device versus balloon kyphoplasty in the reduction of vertebral compression fractures (SAKOS study)</subfield>
</datafield>
</record></metadata></record></GetRecord></OAI-PMH>